Boxing Trivia - Statistics

General Stats
  • This quiz has been taken 630 times
  • The average score is 15 of 22
Answer Stats
Question Answer % Correct
Name the original eight boxing weight divisions Heavyweight
93%
Name the original eight boxing weight divisions Lightweight
91%
Which heavyweight champion lost his title due to protesting the Vietnam War? Muhammad Ali
91%
Name the original eight boxing weight divisions Middleweight
85%
Who is the oldest heavyweight champion? George Foreman
80%
First heavyweight to own all three major belts at the same time Mike Tyson
80%
Name the original eight boxing weight divisions Welterweight
78%
Name the original eight boxing weight divisions Light heavyweight
75%
Name the original eight boxing weight divisions Featherweight
74%
Name the original eight boxing weight divisions Bantamweight
72%
Former professional boxer who fought with internet personality Logan Paul only for the match to have no official winner Floyd Mayweather
72%
Name the original eight boxing weight divisions Flyweight
72%
Boxer who beat Muhammad Ali in the "Fight of the Century" Joe Frazier
65%
Main antagonist from Rocky who was based on the above Apollo Creed
63%
Muhammad Ali's famous phrase Float like a butterfly sting like a bee
60%
What arena in New York City was once considered the Mecca of boxing? Maddison Square Garden
59%
Who is the longest reigning champion in history? Joe Louis
53%
Infamous boxing promoter who arranged the above Don King
50%
What boxing event became the world's most watched telivision broadcast at the time, with as many as 1 billion viewers? The Rumble in the Jungle
44%
Who had the shortest reach of any boxing champ? Rocky Marciano
37%
First African American to become heavyweight champion Jack Johnson
34%
Popular video game that originally featured the above Punch-Out!!
30%
No matching quizzes found
Score Distribution
Percent of People with Each Score
Percentile by Number Answered
Your Score History
You have not taken this quiz